Statistics for Elvis 68' Comeback Songs

Click here to take the quiz!

General Stats

  • This quiz has been taken 22 times
  • The average score is 13 of 42

Answer Stats

Answer% Correct
Hound Dog
94%
Jailhouse Rock
89%
Heartbreak Hotel
78%
If I Can Dream
72%
Blue Suede Shoes
67%
Trouble
67%
Guitar Man
61%
All Shook Up
56%
Blue Christmas
50%
Can't Help Falling In Love
44%
Don't Be Cruel
44%
Love Me
44%
Love Me Tender
44%
Memories
39%
That's All Right
33%
Are You Lonesome Tonight?
28%
Tiger Man
28%
Big Boss Man
22%
It Hurts Me
22%
Lawdy, Miss Clawdy
22%
Let Yourself Go
22%
One Night
22%
Up Above My Head
22%
Baby, What You Want Me to Do
17%
Santa Claus Is Back In Town
17%
Saved
17%
Sometimes I Feel Like A Motherless Child
17%
Trying to Get to You
17%
Where Could I Go But to the Lord
17%
Blue Moon
11%
Blue Moon of Kentucky
11%
Little Egypt
11%
Nothingville
11%
When My Blue Moon Turns to Gold Again
11%
Danny Boy
6%
I Got a Woman
6%
Oh, Happy Day
6%
Peter Gunn Theme
6%
That's My Desire
6%
That's When Your Heartaches Begin
6%
When It Rains, It Really Pours
6%
Young Love
6%

Score Distribution

Percentile by Number Answered

Percent of People with Each Score

Your Score History

You have not taken this quiz